书目信息 |
| 题名: |
建筑艺术赏析
|
|
| 作者: | 余军 编著 | |
| 分册: | ||
| 出版信息: | 北京 科学出版社 2000.03 |
|
| 页数: | 250页 | |
| 开本: | 16开 | |
| 丛书名: | ||
| 单 册: | ||
| 中图分类: | TU-881 | |
| 科图分类: | ||
| 主题词: | 建筑艺术--图集 | |
| 电子资源: | ||
| ISBN: | 7-03-007560-9 | |
| 000 | 00546nam0 2200193 45 | |
| 001 | 0010041956 | |
| 005 | 20010323143425.7 | |
| 010 | @a7-03-007560-9@d60.00元 | |
| 100 | @a20001004d2000 km y0chiy0120 ea | |
| 101 | 0 | @achi |
| 105 | @a z 000yy | |
| 200 | 1 | @a建筑艺术赏析@AJian Zhu Yi Shu Shang Xi@f余军等编著@FYu Jun Deng Bian Zhu |
| 210 | @a北京@c科学出版社@d2000.03 | |
| 215 | @a250页@d16开 | |
| 606 | 0 | @a建筑艺术@x图集 |
| 690 | @aTU-881@v3 | |
| 701 | 0 | @a余军@4编著 |
| 801 | @aCN@bPftUser@c20001004 | |
| 905 | @dTU-881@eY.862@b332381-383@f3 | |
| 建筑艺术赏析/余军等编著.-北京:科学出版社,2000.03 |
| 250页;16开 |
| ISBN 7-03-007560-9:60.00元 |
| ● |
| 相关链接 |
|
|
|
正题名:建筑艺术赏析
索取号:TU-881/Y.862
 
预约/预借
| 序号 | 登录号 | 条形码 | 馆藏地/架位号 | 状态 | 备注 |
| 1 | 332381 | 203323812 | 自科二线404/404自科库 6排1列2层/ [索取号:TU-881/Y.862] | 在馆 | |
| 2 | 332382 | 203323821 | 自科二线404/404自科库 7排5列1层/ [索取号:TU-881/Y.862] | 在馆 | |
| 3 | 332383 | 203323830 | 管理学院资料室/ [索取号:TU-881/Y.862] | 在馆 |